Statistics for Animals that start with B

Click here to take the quiz!

General Stats

  • This quiz has been taken 87 times
  • The average score is 10 of 18

Answer Stats

HintAnimal% Correct
Polar or Grizzly, for exampleBear
100%
Makes honeyBee
92%
The only flying mammalBat
91%
People in the USA call it a buffaloBison
83%
Also called the Screech Owl{Barn} Owl
82%
African ape with large caninesBaboon
78%
A caterpillar in it's earlier life.Butterfly
74%
Crustacean the attaches itself to ships, rocks and sometimes whalesBarnacle
68%
Smallish rodent with a love for barkBeaver
66%
Largest animal ever{Blue} Whale
54%
Largest species of frogBullfrog
46%
A close relation to ChimpanzeesBonobo
40%
One of the largest species of shark{Basking} Shark
35%
A wild pigBoar
35%
Large cat related to LynxesBobcat
28%
Domesticated bird from AustraliaBudgerigar
9%
Horned African mammal with stripesBongo
9%
Beautiful bird native to rainforestsBird of Paradise
9%

Score Distribution

Percentile by Number Answered

Percent of People with Each Score

Your Score History

You have not taken this quiz